000 00258nam a22001217a 4500
008 181011b xxu||||| |||| 00| 0 eng d
041 _aeng
080 _24th
_a591
100 _a7
101 _aZOO
245 _aVeterinary Medicine
_cBlood
942 _2udc
_cBK
999 _c49449
_d49449